THE STORIES OF SHAKESPEARE'S PLAYS (Record no. 3496)
[ view plain ]
| 000 -LEADER | |
|---|---|
| fixed length control field | 00265nam a22001217a 4500 |
| 082 ## - DEWEY DECIMAL CLASSIFICATION NUMBER | |
| Classification number | 822 |
| Item number | SHA/S |
| 100 ## - MAIN ENTRY--AUTHOR NAME | |
| Personal name | SHAKESPEARE |
| 245 ## - TITLE STATEMENT | |
| Title | THE STORIES OF SHAKESPEARE'S PLAYS |
| 260 ## - PUBLICATION, DISTRIBUTION, ETC. (IMPRINT) | |
| Place of publication | NEW YORK |
| Name of publisher | OXFORD |
| 300 ## - PHYSICAL DESCRIPTION | |
| Number of Pages | 80 |
| 650 ## - SUBJECT ADDED ENTRY--TOPICAL TERM | |
| Topical Term | STORIES |
| Geographic subdivision | NEW YORK |
| 942 ## - ADDED ENTRY ELEMENTS (KOHA) | |
| Koha item type | Books |
| Withdrawn status | Lost status | Collection code | Home library | Current library | Shelving location | Date acquired | Source of acquisition | Full call number | Accession Number | Koha item type |
|---|---|---|---|---|---|---|---|---|---|---|
| Fiction | Main Library | Main Library | SHELF 16-A- ENGLISH LITERATURE COLLECTION OF WORKS | 06/11/2012 | PURCHASE | 822 SHA/S | 06462 | Books |